<?xml version="1.0" encoding="UTF-8"?>
<collection xmlns="http://www.loc.gov/MARC21/slim">
 <record>
  <leader>03315nam a22003737a 4500</leader>
  <controlfield tag="001">NCT_4_009197</controlfield>
  <controlfield tag="008">240617b        xxu||||| |||| 00| 0 vie d</controlfield>
  <datafield tag="999" ind1=" " ind2=" ">
   <subfield code="c">8402</subfield>
   <subfield code="d">8402</subfield>
  </datafield>
  <datafield tag="020" ind1=" " ind2=" ">
   <subfield code="a">9786044761350</subfield>
   <subfield code="c">148000</subfield>
  </datafield>
  <datafield tag="082" ind1=" " ind2=" ">
   <subfield code="2">23rd ed.</subfield>
   <subfield code="a">006.3</subfield>
   <subfield code="b">Q531</subfield>
  </datafield>
  <datafield tag="100" ind1="1" ind2=" ">
   <subfield code="a">Lưu Quỳnh</subfield>
  </datafield>
  <datafield tag="245" ind1="1" ind2="0">
   <subfield code="a">Chat GPT trào lưu hay tương lai nhân loại?</subfield>
   <subfield code="c">Lưu Quỳnh; Vũ Thị Lan Anh (dịch)</subfield>
  </datafield>
  <datafield tag="260" ind1=" " ind2=" ">
   <subfield code="a">H.</subfield>
   <subfield code="b">Hồng Đức</subfield>
   <subfield code="c">2023</subfield>
  </datafield>
  <datafield tag="300" ind1=" " ind2=" ">
   <subfield code="a">175 tr.</subfield>
   <subfield code="b">Minh họa</subfield>
   <subfield code="c">24cm</subfield>
  </datafield>
  <datafield tag="520" ind1="3" ind2=" ">
   <subfield code="a">Quyển sách này cung cấp một nguồn tài nguyên toàn diện, dễ hiểu cho những độc giả có hứng thú với Chat GPT, giúp bạn đọc hiểu rõ hơn về ý nghĩa và tác động của công nghệ trí tuệ nhân tạo.</subfield>
  </datafield>
  <datafield tag="653" ind1=" " ind2=" ">
   <subfield code="a">Công nghệ thông tin</subfield>
  </datafield>
  <datafield tag="700" ind1="1" ind2=" ">
   <subfield code="a">Vũ Thị Lan Anh</subfield>
   <subfield code="e">Dịch</subfield>
  </datafield>
  <datafield tag="942" ind1=" " ind2=" ">
   <subfield code="2">ddc</subfield>
   <subfield code="c">BK</subfield>
  </datafield>
  <datafield tag="952" ind1=" " ind2=" ">
   <subfield code="0">0</subfield>
   <subfield code="1">0</subfield>
   <subfield code="2">ddc</subfield>
   <subfield code="4">0</subfield>
   <subfield code="6">006_300000000000000_Q531</subfield>
   <subfield code="7">0</subfield>
   <subfield code="9">29000</subfield>
   <subfield code="a">000001</subfield>
   <subfield code="b">000001</subfield>
   <subfield code="d">2024-06-17</subfield>
   <subfield code="o">006.3 Q531</subfield>
   <subfield code="p">MD.22451</subfield>
   <subfield code="r">2024-06-17</subfield>
   <subfield code="v">148000.00</subfield>
   <subfield code="w">2024-06-17</subfield>
   <subfield code="y">BK</subfield>
  </datafield>
  <datafield tag="952" ind1=" " ind2=" ">
   <subfield code="0">0</subfield>
   <subfield code="1">0</subfield>
   <subfield code="2">ddc</subfield>
   <subfield code="4">0</subfield>
   <subfield code="6">006_300000000000000_Q531</subfield>
   <subfield code="7">0</subfield>
   <subfield code="9">29002</subfield>
   <subfield code="a">000001</subfield>
   <subfield code="b">000001</subfield>
   <subfield code="d">2024-06-17</subfield>
   <subfield code="o">006.3 Q531</subfield>
   <subfield code="p">MD.22452</subfield>
   <subfield code="r">2024-06-17</subfield>
   <subfield code="v">148000.00</subfield>
   <subfield code="w">2024-06-17</subfield>
   <subfield code="y">BK</subfield>
  </datafield>
  <datafield tag="952" ind1=" " ind2=" ">
   <subfield code="0">0</subfield>
   <subfield code="1">0</subfield>
   <subfield code="2">ddc</subfield>
   <subfield code="4">0</subfield>
   <subfield code="6">006_300000000000000_Q531</subfield>
   <subfield code="7">0</subfield>
   <subfield code="9">29003</subfield>
   <subfield code="a">000001</subfield>
   <subfield code="b">000001</subfield>
   <subfield code="d">2024-06-17</subfield>
   <subfield code="l">1</subfield>
   <subfield code="o">006.3 Q531</subfield>
   <subfield code="p">MD.22453</subfield>
   <subfield code="r">2024-10-23</subfield>
   <subfield code="s">2024-10-11</subfield>
   <subfield code="v">148000.00</subfield>
   <subfield code="w">2024-06-17</subfield>
   <subfield code="y">BK</subfield>
  </datafield>
  <datafield tag="952" ind1=" " ind2=" ">
   <subfield code="0">0</subfield>
   <subfield code="1">0</subfield>
   <subfield code="2">ddc</subfield>
   <subfield code="4">0</subfield>
   <subfield code="6">006_300000000000000_Q531</subfield>
   <subfield code="7">0</subfield>
   <subfield code="9">29004</subfield>
   <subfield code="a">000001</subfield>
   <subfield code="b">000001</subfield>
   <subfield code="d">2024-06-17</subfield>
   <subfield code="l">2</subfield>
   <subfield code="m">1</subfield>
   <subfield code="o">006.3 Q531</subfield>
   <subfield code="p">MD.22454</subfield>
   <subfield code="r">2024-10-28</subfield>
   <subfield code="s">2024-10-11</subfield>
   <subfield code="v">148000.00</subfield>
   <subfield code="w">2024-06-17</subfield>
   <subfield code="y">BK</subfield>
  </datafield>
  <datafield tag="952" ind1=" " ind2=" ">
   <subfield code="0">0</subfield>
   <subfield code="1">0</subfield>
   <subfield code="2">ddc</subfield>
   <subfield code="4">0</subfield>
   <subfield code="6">006_300000000000000_Q531</subfield>
   <subfield code="7">0</subfield>
   <subfield code="9">29005</subfield>
   <subfield code="a">000001</subfield>
   <subfield code="b">000001</subfield>
   <subfield code="d">2024-06-17</subfield>
   <subfield code="l">1</subfield>
   <subfield code="o">006.3 Q531</subfield>
   <subfield code="p">MD.22455</subfield>
   <subfield code="r">2024-09-21</subfield>
   <subfield code="s">2024-09-10</subfield>
   <subfield code="v">148000.00</subfield>
   <subfield code="w">2024-06-17</subfield>
   <subfield code="y">BK</subfield>
  </datafield>
  <datafield tag="952" ind1=" " ind2=" ">
   <subfield code="0">0</subfield>
   <subfield code="1">0</subfield>
   <subfield code="2">ddc</subfield>
   <subfield code="4">0</subfield>
   <subfield code="6">006_300000000000000_Q531</subfield>
   <subfield code="7">0</subfield>
   <subfield code="9">30499</subfield>
   <subfield code="a">000001</subfield>
   <subfield code="b">000001</subfield>
   <subfield code="d">2025-04-02</subfield>
   <subfield code="o">006.3 Q531</subfield>
   <subfield code="p">MD.23570</subfield>
   <subfield code="r">2025-04-02</subfield>
   <subfield code="v">148000.00</subfield>
   <subfield code="w">2025-04-02</subfield>
   <subfield code="y">BK</subfield>
  </datafield>
  <datafield tag="952" ind1=" " ind2=" ">
   <subfield code="0">0</subfield>
   <subfield code="1">0</subfield>
   <subfield code="2">ddc</subfield>
   <subfield code="4">0</subfield>
   <subfield code="6">006_300000000000000_Q531</subfield>
   <subfield code="7">0</subfield>
   <subfield code="9">30500</subfield>
   <subfield code="a">000001</subfield>
   <subfield code="b">000001</subfield>
   <subfield code="d">2025-04-02</subfield>
   <subfield code="o">006.3 Q531</subfield>
   <subfield code="p">MD.23571</subfield>
   <subfield code="r">2025-04-02</subfield>
   <subfield code="v">148000.00</subfield>
   <subfield code="w">2025-04-02</subfield>
   <subfield code="y">BK</subfield>
  </datafield>
  <datafield tag="952" ind1=" " ind2=" ">
   <subfield code="0">0</subfield>
   <subfield code="1">0</subfield>
   <subfield code="2">ddc</subfield>
   <subfield code="4">0</subfield>
   <subfield code="6">006_300000000000000_Q531</subfield>
   <subfield code="7">0</subfield>
   <subfield code="9">30501</subfield>
   <subfield code="a">000001</subfield>
   <subfield code="b">000001</subfield>
   <subfield code="d">2025-04-02</subfield>
   <subfield code="o">006.3 Q531</subfield>
   <subfield code="p">MD.23572</subfield>
   <subfield code="r">2025-04-02</subfield>
   <subfield code="v">148000.00</subfield>
   <subfield code="w">2025-04-02</subfield>
   <subfield code="y">BK</subfield>
  </datafield>
  <datafield tag="952" ind1=" " ind2=" ">
   <subfield code="0">0</subfield>
   <subfield code="1">0</subfield>
   <subfield code="2">ddc</subfield>
   <subfield code="4">0</subfield>
   <subfield code="6">006_300000000000000_Q531</subfield>
   <subfield code="7">0</subfield>
   <subfield code="9">30502</subfield>
   <subfield code="a">000001</subfield>
   <subfield code="b">000001</subfield>
   <subfield code="d">2025-04-02</subfield>
   <subfield code="l">1</subfield>
   <subfield code="m">1</subfield>
   <subfield code="o">006.3 Q531</subfield>
   <subfield code="p">MD.23573</subfield>
   <subfield code="r">2025-11-17</subfield>
   <subfield code="s">2025-10-27</subfield>
   <subfield code="v">148000.00</subfield>
   <subfield code="w">2025-04-02</subfield>
   <subfield code="y">BK</subfield>
  </datafield>
  <datafield tag="952" ind1=" " ind2=" ">
   <subfield code="0">0</subfield>
   <subfield code="1">0</subfield>
   <subfield code="2">ddc</subfield>
   <subfield code="4">0</subfield>
   <subfield code="6">006_300000000000000_Q531</subfield>
   <subfield code="7">0</subfield>
   <subfield code="9">30503</subfield>
   <subfield code="a">000001</subfield>
   <subfield code="b">000001</subfield>
   <subfield code="d">2025-04-02</subfield>
   <subfield code="o">006.3 Q531</subfield>
   <subfield code="p">MD.23574</subfield>
   <subfield code="r">2025-04-02</subfield>
   <subfield code="v">148000.00</subfield>
   <subfield code="w">2025-04-02</subfield>
   <subfield code="y">BK</subfield>
  </datafield>
  <datafield tag="952" ind1=" " ind2=" ">
   <subfield code="0">0</subfield>
   <subfield code="1">0</subfield>
   <subfield code="2">ddc</subfield>
   <subfield code="4">0</subfield>
   <subfield code="6">006_300000000000000_Q531</subfield>
   <subfield code="7">0</subfield>
   <subfield code="9">30504</subfield>
   <subfield code="a">000001</subfield>
   <subfield code="b">000001</subfield>
   <subfield code="d">2025-04-02</subfield>
   <subfield code="o">006.3 Q531</subfield>
   <subfield code="p">MD.23575</subfield>
   <subfield code="r">2025-04-02</subfield>
   <subfield code="v">148000.00</subfield>
   <subfield code="w">2025-04-02</subfield>
   <subfield code="y">BK</subfield>
  </datafield>
  <datafield tag="952" ind1=" " ind2=" ">
   <subfield code="0">0</subfield>
   <subfield code="1">0</subfield>
   <subfield code="2">ddc</subfield>
   <subfield code="4">0</subfield>
   <subfield code="6">006_300000000000000_Q531</subfield>
   <subfield code="7">0</subfield>
   <subfield code="9">30505</subfield>
   <subfield code="a">000001</subfield>
   <subfield code="b">000001</subfield>
   <subfield code="d">2025-04-02</subfield>
   <subfield code="o">006.3 Q531</subfield>
   <subfield code="p">MD.23576</subfield>
   <subfield code="r">2025-04-02</subfield>
   <subfield code="v">148000.00</subfield>
   <subfield code="w">2025-04-02</subfield>
   <subfield code="y">BK</subfield>
  </datafield>
  <datafield tag="952" ind1=" " ind2=" ">
   <subfield code="0">0</subfield>
   <subfield code="1">0</subfield>
   <subfield code="2">ddc</subfield>
   <subfield code="4">0</subfield>
   <subfield code="6">006_300000000000000_Q531</subfield>
   <subfield code="7">0</subfield>
   <subfield code="9">30506</subfield>
   <subfield code="a">000001</subfield>
   <subfield code="b">000001</subfield>
   <subfield code="d">2025-04-02</subfield>
   <subfield code="o">006.3 Q531</subfield>
   <subfield code="p">MD.23577</subfield>
   <subfield code="r">2025-04-02</subfield>
   <subfield code="v">148000.00</subfield>
   <subfield code="w">2025-04-02</subfield>
   <subfield code="y">BK</subfield>
  </datafield>
  <datafield tag="952" ind1=" " ind2=" ">
   <subfield code="0">0</subfield>
   <subfield code="1">0</subfield>
   <subfield code="2">ddc</subfield>
   <subfield code="4">0</subfield>
   <subfield code="6">006_300000000000000_Q531</subfield>
   <subfield code="7">0</subfield>
   <subfield code="9">30507</subfield>
   <subfield code="a">000001</subfield>
   <subfield code="b">000001</subfield>
   <subfield code="d">2025-04-02</subfield>
   <subfield code="o">006.3 Q531</subfield>
   <subfield code="p">MD.23578</subfield>
   <subfield code="r">2025-04-02</subfield>
   <subfield code="v">148000.00</subfield>
   <subfield code="w">2025-04-02</subfield>
   <subfield code="y">BK</subfield>
  </datafield>
  <datafield tag="952" ind1=" " ind2=" ">
   <subfield code="0">0</subfield>
   <subfield code="1">0</subfield>
   <subfield code="2">ddc</subfield>
   <subfield code="4">0</subfield>
   <subfield code="6">006_300000000000000_Q531</subfield>
   <subfield code="7">0</subfield>
   <subfield code="9">30508</subfield>
   <subfield code="a">000001</subfield>
   <subfield code="b">000001</subfield>
   <subfield code="d">2025-04-02</subfield>
   <subfield code="o">006.3 Q531</subfield>
   <subfield code="p">MD.23579</subfield>
   <subfield code="r">2025-04-02</subfield>
   <subfield code="v">148000.00</subfield>
   <subfield code="w">2025-04-02</subfield>
   <subfield code="y">BK</subfield>
  </datafield>
  <datafield tag="980" ind1=" " ind2=" ">
   <subfield code="a">Thư viện Trường Đại học Nam Cần Thơ</subfield>
  </datafield>
 </record>
</collection>
